|
|
|
|
| LEADER |
00000nkm a2200000 a 4500 |
| 001 |
vtls011981172 |
| 003 |
SK-MaSNL |
| 005 |
20260512122535.0 |
| 007 |
kp bo |
| 008 |
231120s1956 xo g kuslo |
| 015 |
|
|
|a SNBG1956
|
| 035 |
|
|
|a urn:nbn:sk:snk-km00ehoj
|
| 035 |
|
|
|a urn:nbn:sk:snk-km45xsk
|
| 035 |
|
|
|a C474A0F8-1FB1-4DB5-B6C6-61C1F4125904
|
| 040 |
|
|
|a SNK
|b slo
|c SNK
|e AACR2
|
| 041 |
0 |
|
|a slo
|
| 043 |
|
|
|a e-xo---
|
| 044 |
|
|
|a xo
|c SK
|
| 072 |
|
7 |
|a 913
|x Regionálna geografia
|2 konspekt
|
| 080 |
|
|
|a 913(437.6)
|2 2011
|
| 080 |
|
|
|a 711.455:615.838
|2 2011
|
| 080 |
|
|
|a (084.121)
|2 2011
|
| 080 |
|
|
|a 614.2:[725.1:614.21]
|2 2011
|
| 245 |
0 |
0 |
|a Kúpele Štós - liečebný ústav ROH
|h grafika
|
| 260 |
|
|
|a Martin
|b Osveta, n. p.
|a Bratislava
|b PK - HSVZ
|c 1956
|
| 300 |
|
|
|a 1 pohľadnica
|b čiernobiela
|c 11 x 15 cm
|
| 520 |
8 |
|
|a Zobrazenie: Pohľad z diaľky na budovy liečebne, ktorá sa nachádza na zalesnenom svahu
|
| 610 |
2 |
7 |
|a Kúpele Štós (Slovensko)
|2 SNKKA
|9 30946
|
| 610 |
2 |
7 |
|a Liečebný ústav ROH (Štós, Slovensko)
|2 SNKKA
|9 364252
|
| 650 |
0 |
7 |
|a kúpele
|2 SNKPH
|9 1139
|
| 650 |
0 |
7 |
|a liečebne
|2 SNKPH
|9 56920
|
| 651 |
|
7 |
|a Štós (Slovensko)
|2 SNKPHgeo
|9 29674
|
| 655 |
|
7 |
|a miestne pohľadnice
|2 SNKPH
|9 70510
|
| 852 |
|
|
|a Slovenská národná knižnica
|
| 954 |
|
|
|a pohľadnice pôvodné (slovenské)
|2 lita
|
| 958 |
|
|
|a GBN
|
| 958 |
|
|
|a GC
|
| 958 |
|
|
|a OND
|
| 958 |
|
|
|a EUIPO
|
| 999 |
|
|
|c 608652
|d 610582
|
| 952 |
|
|
|a SNK
|b SNK
|y PREZ
|7 0
|p 17A1225562
|o snkSP 23616
|0 0
|1 0
|4 0
|d 2020-07-13
|f 1
|l 0
|r 2026-02-23 16:15:52
|w 2026-02-23
|